00996nam a2200289Ia 4500001000900000003000500009005001700014008004100031010001100072040000900083082001600092100003000108245011700138260002900255300001000284440003700294503000800331650004900339650004400388650004500432901001600477902000600493905006300499942001500562999001900577952011000596dia_3350CHAP20251023160829.0220117s1982 xx 000 0 und d a173820 cCHAP a623.3016 L6 aLoard, Rexford D.9154540 aUso de Plantas Acuáticas para el Tratamiento de Aguas Residuales; una Recopilación /c por Rexford D. Loard aMéxico :b Ops,c1982 a96 P. aSerie Bibliográfica, 19154541 aC/E a1.Aguas ResidualesxBibliográfia 9154542 aAgua PurificadaxPibliografía9154543 aLirio AcuáticoxBibliografía 967071 a623.3016 L6 aM a0000001982 mx X 0000000000spa00 cLIBRO2ddc c173820d173820 00102ddc40708GRALaIA_bIA_c1d2022-01-18f1l0pdia_5077r2022-01-18 00:00:00t1w2022-01-18yLIBRO